000 00325nam a2200133Ia 4500
008 240624s9999 xx 000 0 und d
041 _aeng
082 _a658 BAS
100 _aBASU C R
245 _aBUSINESS ORGANIZATION AND MANAGEMENT
260 _c2000
_aNew Delhi
_bTata McGrawhill
300 _axviii, : 490
365 _cRS
999 _c1192
_d1192